00565nam a2200145Ia 4500008004100000245014100041260002800182260000900210300000900219650001800228650001500246856006600261999001900327952007300346170221s9999 xx 000 0 und d aAgenda Trending: Reciprocity and the Predictive Capacity of Social Networking Sites in Intermedia Agenda Setting across Topics over Time bMedia and Communication c2016 a15 : xCommunication xMedia Arts uhttp://www.librelloph.com/mediaandcommunication/issue/current c312923d312923 001040aCLbCLd2017-02-21l0r2017-02-21 00:00:00w2017-02-21yFOJ